ბათუმის შოთა რუსთაველის სახელმწიფო უნივერსიტეტის ბიბლიოთეკა

ჩანაწერი Personal Name

ჩანაწერთა რაოდენობა, რომელიც გამოყენებულია: 2

001 - CONTROL NUMBER

  • control field: 12678

003 - CONTROL NUMBER IDENTIFIER

  • control field: GE_BSU

005 - DATE AND TIME OF LATEST TRANSACTION

  • control field: 20211018160257.0

008 - FIXED-LENGTH DATA ELEMENTS

  • fixed length control field: 211018|| aca||aabn | a|a d

040 ## - CATALOGING SOURCE

  • Original cataloging agency: GE_BSU
  • Transcribing agency: GE_BSU

100 ## - HEADING--PERSONAL NAME

  • Personal name: შოუ, ბერნარდ

670 ## - SOURCE DATA FOUND

  • Source citation: Work cat.: (GE_BSU)54194: შოუ, ბერნარდ, პიგმალიონი ; წმიდა იოანა :